01061nas a2200277Ia 4500001001600000003001000016008004100026040002500067041001300092100002000105210002800125222002800153245010300181250001100284260000900295501012300304300001200427362003100439500003200470650004600502700001100548942000700559957000600566999003300572952017800605A09/R108-31038 IT-MiCISF161014c99999999xx |||||||||||| ||und|| aIT-MiCISFcIT-MiCISF aITALIANO aRossi Raffaello aIl consulente familiare aIl consulente familiare 0aOsservatorio sulla pratica quotidiana dei consulenti coniugali e familiari. La prima raccolta dati a1a ed. c2000 bCISF - Centro Internazionale Studi Famiglia - Via Giotto, 36 20145 MILANO (non commercial uses only)cCopyright 2016 app. 4-8 an. 1, gennaio-marzo [2000] a Tema: consulenza, famiglia aFAMIGLIA - consulenza familiarevarticolo aAA.VV. cCR 71 a31038bSig1c226344d226344 0010406A_09_000000000000000_R1083103871aCISFbCISFd2016-10-14l0oA09/R108-31038 r2016-10-14 00:00:00w2016-10-14yCRzData import 15.10.2016 / by Epidotti, Vaglietti